96th Academy Awards (2024 Oscars) - All Winners - Statistics

General Stats
  • This quiz has been taken 295 times
  • The average score is 14 of 27
Answer Stats
Academy Category Oscar Winner % Correct
Best Picture Oppenheimer
99%
Best Actor Cillian Murphy
97%
Best Director Christopher Nolan
95%
Best Actress Emma Stone
89%
Best Supporting Actor Robert Downey Jr.
89%
Best Original Score Oppenheimer
75%
Best Cinematography Oppenheimer
73%
Best Film Editing Oppenheimer
72%
Best Original Song What Was I Made For?
72%
Best Supporting Actress Da'Vine Joy Randolph
67%
Best Makeup and Hairstyling Poor Things
64%
Best Costume Design Poor Things
64%
Best Production Design Poor Things
63%
Best Animated Feature The Boy and the Heron
60%
Best International Feature Film The Zone of Interest
60%
Best Original Screenplay Anatomy of A Fall
54%
Best Adapted Screenplay American Fiction
52%
Best Sound The Zone of Interest
49%
Best Visual Effects Godzilla Minus One
48%
Best Documentary Feature Film 20 Days in Mariupol
24%
Best Live Action Short Film The Wonderful Story of Henry Sugar
14%
Academy Honarary Awards Angela Bassett
13%
Best Animated Short Film War is Over! Inspired by the Music of John and Yoko
13%
Best Documentary Short Film The Last Repair Shop
10%
Mel Brooks
7%
Carol Littleton
2%
Jean Hersholt Humanitarian Award Michelle Satter
2%
No matching quizzes found
Score Distribution
Percent of People with Each Score
Percentile by Number Answered
Your Score History
You have not taken this quiz